City office market - gloom overdone? (Record no. 80633)
[ view plain ]
| 000 -LEADER | |
|---|---|
| fixed length control field | 01015cab a22001815a 4500 |
| 001 - CONTROL NUMBER | |
| control field | L144906 |
| 008 - FIXED-LENGTH DATA ELEMENTS--GENERAL INFORMATION | |
| fixed length control field | 080819s2008 xxk f s 000 0 eng d |
| 035 ## - SYSTEM CONTROL NUMBER | |
| System control number | (Sirsi) u144906 |
| 041 0# - LANGUAGE CODE | |
| Language code of text/sound track or separate title | eng |
| 100 1# - MAIN ENTRY--PERSONAL NAME | |
| Personal name | Ives, Paul |
| 245 00 - TITLE STATEMENT | |
| Title | City office market - gloom overdone? |
| 260 ## - PUBLICATION, DISTRIBUTION, ETC. | |
| Date of publication, distribution, etc. | 2008 |
| 490 ## - SERIES STATEMENT | |
| Series statement | Property Forecast |
| Volume/sequential designation | 11(6) June 2008, 4-5(2) |
| 520 ## - SUMMARY, ETC. | |
| Summary, etc. | Article looks at the downturn in the city office market and looks for glimmers of hope, seeking to compare the market as it stands now with the market in 2007. Points out that demand has risen (particularly among financial services companies) and that yields have remained fairly constant at 5.5%, despite transaction volumes falling. Suggests that the economic downturn has not affected the city significantly and that it is not on a scale with previous property recessions, partly as a result of growth in a variety of other sectors. |
| 651 #4 - SUBJECT ADDED ENTRY--GEOGRAPHIC NAME | |
| Geographic name | United Kingdom |
| Chronological subdivision | |
| 690 ## - LOCAL SUBJECT ADDED ENTRY--TOPICAL TERM (OCLC, RLIN) | |
| Topical term or geographic name as entry element | PROPERTY-COMMERCIAL PROPERTY-COMMERCIAL PROPERTY MARKET |
| 942 ## - ADDED ENTRY ELEMENTS (KOHA) | |
| Suppress in OPAC | 0 |
| Withdrawn status | Lost status | Source of classification or shelving scheme | Damaged status | Not for loan | Home library | Current library | Shelving location | Date acquired | Total Checkouts | Full call number | Barcode | Date last seen | Copy number | Price effective from | Koha item type |
|---|---|---|---|---|---|---|---|---|---|---|---|---|---|---|---|
| Dewey Decimal Classification | London | London | Journal article | 19/08/2008 | L144906 | 144906-1001 | 06/08/2019 | 1 | 06/08/2019 | Journal article |